Normal view MARC view
  • Rojansky, Vladimir Borisovich,

Entry Personal Name

Number of records used in: 3

001 - CONTROL NUMBER

  • control field: 10531

003 - CONTROL NUMBER IDENTIFIER

  • control field: NUST

005 - DATE AND TIME OF LATEST TRANSACTION

  • control field: 20180528040426.0

008 - FIXED-LENGTH DATA ELEMENTS

  • fixed length control field: 180528|| aca||aabn | a|a d

040 ## - CATALOGING SOURCE

  • Original cataloging agency: NUST
  • Transcribing agency: NUST

100 ## - HEADING--PERSONAL NAME

  • Personal name: Rojansky, Vladimir Borisovich,
  • Dates associated with a name: 1900-

670 ## - SOURCE DATA FOUND

  • Source citation: Work cat.: (NUST)0: Rojansky, Vladimir Borisovich, 1900-, Electromagnetic fields and waves /, 1979.
© 2023 Central Library, National University of Sciences and Technology. All Rights Reserved.